000
00421nam a22001097a 4500
082
_a
370/ARO
100
_a
अरोड़ा, पंकज , उषा शर्मा
_9
83988
245
_a
शिक्षा नीति 2020 रचनात्मक सुधारों की ओर
260
_a
दिल्ली
_b
शिप्रा पब्लिकेशन
_c
2023
650
_a
शिक्षा
942
_c
HIN
999
_c
69006
_d
69006